000 00657nam a2200229Ia 4500
003 OSt
005 20220927104735.0
006 a|||||r|||| 00| 0
007 ta
008 220926b |||||||| |||| 00| 0 eng d
024 _a150251
037 _cReference Collections
040 _aRTL
_cRTL
_beng
041 _2eng
_aeng
082 _a"X9(Kz611:7):54.1.N7, N16/UN"
110 _aInternational Trade Centre
245 0 _aHeney
_b A study of major markets
260 _c1986
700 _aInternational Trade Centre
942 _h"X9(Kz611:7):54.1.N7, N16/UN"
_cCC
999 _c688442
_d688442